<?xml version="1.0" encoding="UTF-8"?>
<record
    xmlns:xsi="http://www.w3.org/2001/XMLSchema-instance"
    xsi:schemaLocation="http://www.loc.gov/MARC21/slim http://www.loc.gov/standards/marcxml/schema/MARC21slim.xsd"
    xmlns="http://www.loc.gov/MARC21/slim">

  <leader>01378nam a2200289 i 4500</leader>
  <controlfield tag="001">190630</controlfield>
  <controlfield tag="003">ES-MaACL</controlfield>
  <controlfield tag="005">20251014063308.0</controlfield>
  <controlfield tag="008">220225s2017    sp            001 0 spa</controlfield>
  <datafield tag="020" ind1=" " ind2=" ">
    <subfield code="a">978-84-7112-836-2</subfield>
  </datafield>
  <datafield tag="080" ind1=" " ind2=" ">
    <subfield code="a">165</subfield>
  </datafield>
  <datafield tag="080" ind1=" " ind2=" ">
    <subfield code="a">316.334.3</subfield>
  </datafield>
  <datafield tag="100" ind1="1" ind2=" ">
    <subfield code="a">Santos, Boaventura de Sousa, </subfield>
    <subfield code="d">1940-</subfield>
    <subfield code="9">174217</subfield>
  </datafield>
  <datafield tag="245" ind1="1" ind2="0">
    <subfield code="a">Justicia entre saberes : </subfield>
    <subfield code="b">epistemolog&#xED;as del sur contra el epistemicidio / </subfield>
    <subfield code="c">Boaventura de Sousa Santos ; traducido por Roc Filella.</subfield>
  </datafield>
  <datafield tag="260" ind1=" " ind2=" ">
    <subfield code="a">San Sebasti&#xE1;n de los Reyes, Madrid : </subfield>
    <subfield code="b">Morata, </subfield>
    <subfield code="c">[2017]</subfield>
  </datafield>
  <datafield tag="300" ind1=" " ind2=" ">
    <subfield code="a">348 p. ; </subfield>
    <subfield code="c">24 cm.</subfield>
  </datafield>
  <datafield tag="490" ind1="1" ind2=" ">
    <subfield code="a">Sociolog&#xED;a. Estudios internacionales</subfield>
  </datafield>
  <datafield tag="500" ind1=" " ind2=" ">
    <subfield code="a">&#xCD;ndice.</subfield>
  </datafield>
  <datafield tag="504" ind1=" " ind2=" ">
    <subfield code="a">Bibliograf&#xED;a: p. [307]-332.</subfield>
  </datafield>
  <datafield tag="505" ind1="8" ind2=" ">
    <subfield code="a">Manifiesto por el buen vivir ; Minifiesto por los activistas-intelectuales ; Introducci&#xF3;n: M&#xE1;s all&#xE1; de la imaginaci&#xF3;n pol&#xED;tica y de la teor&#xED;a cr&#xED;tica euro-c&#xE9;ntricas ; Primera parte: Modernidades centr&#xED;fugas y los occidentes subalternos: grados de separaci&#xF3;n ; Segunda parte: Hacia las epistemolog&#xED;as del sur: contra el desperdicio de la experiencia</subfield>
  </datafield>
  <datafield tag="650" ind1=" " ind2="4">
    <subfield code="a">Epistemolog&#xED;a.</subfield>
    <subfield code="9">12338</subfield>
  </datafield>
  <datafield tag="650" ind1=" " ind2="4">
    <subfield code="a">Sociolog&#xED;a pol&#xED;tica.</subfield>
    <subfield code="9">17215</subfield>
  </datafield>
  <datafield tag="830" ind1="1" ind2=" ">
    <subfield code="a">Sociolog&#xED;a. Estudios internacionales</subfield>
    <subfield code="9">225916</subfield>
  </datafield>
  <datafield tag="852" ind1="4" ind2=" ">
    <subfield code="a">ES-MaACL</subfield>
    <subfield code="j">A-14893</subfield>
    <subfield code="9">197809</subfield>
    <subfield code="b">R.152242</subfield>
    <subfield code="c">DEPO1</subfield>
    <subfield code="d">Olim: N-7893</subfield>
    <subfield code="h">Donaci&#xF3;n: Editorial </subfield>
  </datafield>
  <datafield tag="942" ind1=" " ind2=" ">
    <subfield code="2">udc</subfield>
  </datafield>
  <datafield tag="999" ind1=" " ind2=" ">
    <subfield code="c">190630</subfield>
    <subfield code="d">190630</subfield>
  </datafield>
  <datafield tag="952" ind1=" " ind2=" ">
    <subfield code="0">0</subfield>
    <subfield code="1">0</subfield>
    <subfield code="2">udc</subfield>
    <subfield code="4">0</subfield>
    <subfield code="7">0</subfield>
    <subfield code="a">ATENEOM</subfield>
    <subfield code="b">ATENEOM</subfield>
    <subfield code="c">DEPO1</subfield>
    <subfield code="d">2022-02-25</subfield>
    <subfield code="e">DONACION</subfield>
    <subfield code="l">0</subfield>
    <subfield code="o">A-14893</subfield>
    <subfield code="p">1202849</subfield>
    <subfield code="r">2023-02-23 00:00:00</subfield>
    <subfield code="w">2023-02-23</subfield>
    <subfield code="y">MONOGRAFIA</subfield>
  </datafield>
</record>
